The Art of English Writing/ (Record no. 210889)

MARC details
000 -LEADER
fixed length control field 00546 a2200193 4500
005 - DATE AND TIME OF LATEST TRANSACTION
control field 20250408171956.0
010 ## - LCCN (DPL NO)
LC control number ENG-144557
020 ## - INTERNATIONAL STANDARD BOOK NUMBER
Terms of availability 470.00
International Standard Book Number 9788119131099
035 ## - SYSTEM CONTROL NUMBER
System control number EN-128089
037 ## - SOURCE OF ACQUISITION
Source of stock number/acquisition DBAD
082 14 - DEWEY DECIMAL CLASSIFICATION NUMBER
Classification number 485
100 1# - MAIN ENTRY--PERSONAL NAME
Personal name MUK
245 1# - TITLE STATEMENT
Title The Art of English Writing/
Statement of responsibility, etc Bitter C Mukkolakkal
250 ## - EDITION STATEMENT
Edition statement 1
260 ## - PUBLICATION, DISTRIBUTION, ETC. (IMPRINT)
Place of publication, distribution, etc Thiruvananthapuram
Name of publisher, distributor, etc Chintha Publishers
Date of publication, distribution, etc 2024
270 ## - ADDRESS
City Thiruvananthapuram
Electronic mail address www. chinthapublishers.com
300 ## - PHYSICAL DESCRIPTION
Extent 352p.
Dimensions 22cm (pb)
942 ## - ADDED ENTRY ELEMENTS (KOHA)
Institution code [OBSOLETE] dpl
Item type English Books
Source of classification or shelving scheme Dewey Decimal Classification
Classification part 485
Call number suffix MUK
Holdings
Withdrawn status Lost status Not for loan Collection code Home library Current library Date acquired Source of acquisition Cost, normal purchase price Full call number Barcode Copy number Cost, replacement price Koha item type
      Non-fiction Janak Puri Janak Puri 08/04/2025 Delivery of Books Act Division 470.00 485 MUK EN-128089 1 470.00 English Books

© Delhi Public Library
Hit Counter
free hit counter